000 00658nam a2200241Ia 4500
003 OSt
005 20221005070231.0
006 a|||||r|||| 00| 0
007 ta
008 221004b |||||||| |||| 00| 0 san d
024 _a109914
037 _cTextual
040 _aCRL
_cCRL
_bsan
041 _2san
_asan
082 _aR625x1,1,2, M3
100 _aBhatt Jayant
_9590474
245 0 _aNyaya manjari
260 _aMysore
_bOriental Research Institute India
_c1983
650 _aPHILOSOPHY
700 _a Vardacharya K S
_9605496
942 _hR625x1,1,2, M3
_cTEXL
_2cc
999 _c975915
_d975915